| 000 -LEADER |
| fixed length control field |
01848nam a22003017a 4500 |
| 005 - DATE AND TIME OF LATEST TRANSACTION |
| control field |
20260416112639.0 |
| 008 - FIXED-LENGTH DATA ELEMENTS--GENERAL INFORMATION |
| fixed length control field |
260416b xxu||||| |||| 00| 0 eng d |
| 040 ## - CATALOGING SOURCE |
| Transcribing agency |
Cagayan State University |
| 082 ## - DEWEY DECIMAL CLASSIFICATION NUMBER |
| Classification number |
791.4372 |
| Item number |
R3823 2026 |
| 245 ## - TITLE STATEMENT |
| Title |
Relationship goals/ / |
| Statement of responsibility, etc |
directed by Linda Mendoza; produced by DeVon Franklin ; written by Pastor Michael Todd, Michael Elliot, Cory Tynan. |
| 260 ## - PUBLICATION, DISTRIBUTION, ETC. (IMPRINT) |
| Place of publication, distribution, etc |
United States : |
| Name of publisher, distributor, etc |
Amazon MGM Studios, |
| Date of publication, distribution, etc |
2026 |
| 300 ## - PHYSICAL DESCRIPTION |
| Extent |
1 videofile, (ca.93 min.) : |
| Other physical details |
sound, color. |
| 500 ## - GENERAL NOTE |
| General note |
Summary derived from Wikipedia web site. |
| 520 ## - SUMMARY, ETC. |
| Summary, etc |
Leah Caldwell is a television producer at a New York City morning show who is competing to become the program's executive leader. Her professional trajectory changes when her former partner, Jarrett Roy, joins the network and becomes her direct rival for the position. Jarrett claims to have changed since their breakup, attributing his personal development to the principles outlined in the self-help book Relationship Goals: How to Win at Dating, Marriage, and Sex by Michael Todd. Leah remains focused on her career and is initially reluctant to revisit their past relationship. As their professional rivalry continues, unresolved personal and professional conflicts resurface. Leah ultimately reevaluates her priorities as she considers whether professional advancement and a renewed personal relationship can coexist. |
| 546 ## - LANGUAGE NOTE |
| Language note |
In English language. |
| 650 ## - SUBJECT ADDED ENTRY--TOPICAL TERM |
| Topical term or geographic name as entry element |
Comedy. |
| 650 ## - SUBJECT ADDED ENTRY--TOPICAL TERM |
| Topical term or geographic name as entry element |
Romance. |
| 655 ## - INDEX TERM--GENRE/FORM |
| Genre/form data or focus term |
Romantic Comedy. |
| 700 ## - ADDED ENTRY--PERSONAL NAME |
| Personal name |
Mendoza, Linda, director. |
| 700 ## - ADDED ENTRY--PERSONAL NAME |
| Personal name |
Franklin, DeVon, producer. |
| 700 ## - ADDED ENTRY--PERSONAL NAME |
| Personal name |
Todd, Pastor Michael, writer. |
| 700 ## - ADDED ENTRY--PERSONAL NAME |
| Personal name |
Elliot, Michael, writer. |
| 700 ## - ADDED ENTRY--PERSONAL NAME |
| Personal name |
Tynan, Cory, writer. |
| 700 ## - ADDED ENTRY--PERSONAL NAME |
| Personal name |
Rowland, Kelly, star. |
| 700 ## - ADDED ENTRY--PERSONAL NAME |
| Personal name |
Man, Method, star. |
| 700 ## - ADDED ENTRY--PERSONAL NAME |
| Personal name |
Thede, Robin, star. |
| 942 ## - ADDED ENTRY ELEMENTS (KOHA) |
| Source of classification or shelving scheme |
|
| Item type |
Audio-Visual Materials |